Statistiques concernant Meilleurs marqueurs de points du Top 14.

Cliquez ici pour prendre le quiz!

Statistiques générales

  • Ce quiz a été pris 154 fois
  • Le résultat moyen est 4 sur 10

Statistiques - réponses

Joueur% Correct
Benjamín Urdapilleta
86%
Brock James
78%
Gaëtan Germain
59%
Dimitri Yachvili
56%
Romain Teulet
42%
Lionel Beauxis
33%
Benjamin Boyet
23%
David Skrela
22%
Jonathan Wisniewski
20%
Richard Dourthe
20%

Distribution des résultats

Percentile par nombre de réponses

% des personnes avec chaque résultat

Votre développement - résultats

Vous n’avez pas pris ce quiz